Central Library OPAC University of Rajshahi

The song celestial, or, Bhagavad-gîtâ : (Record no. 31827)

MARC details
000 -LEADER
fixed length control field 00980cam a2200277 a 4500
001 - CONTROL NUMBER
control field 31827
003 - CONTROL NUMBER IDENTIFIER
rucl marc code BD-RjUL
005 - DATE AND TIME OF LATEST TRANSACTION
control field 20211209051744.0
008 - FIXED-LENGTH DATA ELEMENTS--GENERAL INFORMATION
fixed length control field 140422s1906 e 000 0 eng d
035 ## - SYSTEM CONTROL NUMBER
System control number (BD-RjUL)31915
040 ## - CATALOGING SOURCE
Original cataloging agency DLC
Transcribing agency DLC
Language of cataloging eng
Modifying agency BD-RjUL
041 1# - LANGUAGE CODE
Language code of text/sound track or separate title eng
Language code of original san
082 ## - DEWEY DECIMAL CLASSIFICATION NUMBER
Classification number 294.592
Author mark and year SON 1906
245 14 - TITLE STATEMENT
Title The song celestial, or, Bhagavad-gîtâ :
Remainder of title from the Mahâbhârata : being a discourse between Arjuna, prince of India, and the Supreme Being under the form of Krishna /
Statement of responsibility, etc. translated from the Sanskrit text by Sir Edwin Arnold.
246 30 - VARYING FORM OF TITLE
Title proper/short title Song celestial
Title proper/short title Bhagavad-gîtâ
250 ## - EDITION STATEMENT
Edition statement 10 th
260 ## - PUBLICATION, DISTRIBUTION, ETC. (IMPRINT)
Place of publication, distribution, etc. London :
Name of publisher, distributor, etc. Kegan Paul,
Date of publication, distribution, etc. 1906.
300 ## - PHYSICAL DESCRIPTION
Pagination xiv, 173 p. ;
Size 15 cm.
650 ## - SUBJECT ADDED ENTRY--TOPICAL TERM
Topical term or geographic name as entry element Bhagavadgītā
9 (RLIN) 96886
700 1# - ADDED ENTRY--PERSONAL NAME
Personal name Arnold, Edwin,
Dates associated with a name 1832-1904,
Relator term tr.
710 2# - ADDED ENTRY--CORPORATE NAME
Corporate name or jurisdiction name as entry element Rouben Mamoulian Collection (Library of Congress)
Institution to which field applies DLC
9 (RLIN) 50483
942 ## - ADDED ENTRY ELEMENTS (KOHA)
Source of classification or shelving scheme Dewey Decimal Classification
Koha item type Books
Holdings
Lost status Source of classification or shelving scheme Damaged status Not for loan Collection code Permanent Location Current Location Shelving location Date acquired Source of acquisition Cost, normal purchase price Total Checkouts Full call number Date last seen Copy number Koha item type
  Dewey Decimal Classification   Not For Loan Non-fiction Central Library, University of Rajshahi Central Library, University of Rajshahi Reading Room 17/08/1965 Not Fount. 0.00   294.592 SON 1906 22/04/2014 C-1 Books